| 000 | 00000cas 2200000zi 4500 |
| 001 | 9.887277 |
| 003 | CaOODSP |
| 005 | 20260219160822 |
| 006 | m o d f |
| 007 | cr ||||||||||| |
| 008 | 200512c20099999mbcar p o s f0 a0eng|d |
| 022 | |a1920-9053|y1498-9565 |
| 040 | |aCaOODSP|beng|erda|cCaOODSP |
| 043 | |an-cnp-- |
| 086 | 1 |aA92-18E-PDF |
| 245 | 00|aQuality of western Canadian peas. |
| 264 | 1|aWinnipeg MB : |bCanadian Grain Commission = Commission canadienne des grains |
| 310 | |aAnnual |
| 336 | |atext|btxt|2rdacontent |
| 337 | |acomputer|bc|2rdamedia |
| 338 | |aonline resouce|bcr|2rdacarrier |
| 362 | 1 |aBegan with 2009. |
| 500 | |aIssued also in French under title : Qualité des pois de l'Ouest canadien. |
| 550 | |aIssued by the Grain Research Laboratory. |
| 580 | |aContinues in part: Quality of western Canadian pulse crops. |
| 588 | |aDescription based on: 2009. |
| 588 | |aLatest issue consulted: 2019. |
| 710 | 2 |aGrain Research Laboratory (Canada) |
| 710 | 2 |aCanadian Grain Commission. |
| 775 | 08|tQualité des pois de l'Ouest canadien.|w(CaOODSP)9.887288 |
| 780 | 00|tQuality of western Canadian pulse crops |w(CaOODSP)9.507251 |